<?xml version="1.0" encoding="UTF-8"?>
<record
    xmlns:xsi="http://www.w3.org/2001/XMLSchema-instance"
    xsi:schemaLocation="http://www.loc.gov/MARC21/slim http://www.loc.gov/standards/marcxml/schema/MARC21slim.xsd"
    xmlns="http://www.loc.gov/MARC21/slim">

  <leader>00927nam a22002417a 4500</leader>
  <controlfield tag="001">85275</controlfield>
  <controlfield tag="003">BD-RjUL</controlfield>
  <controlfield tag="005">20250722141028.0</controlfield>
  <controlfield tag="008">250722s1982    newa|||| e||| 00| 0 eng d</controlfield>
  <datafield tag="035" ind1=" " ind2=" ">
    <subfield code="a">(BD-RjUL)85275</subfield>
  </datafield>
  <datafield tag="040" ind1=" " ind2=" ">
    <subfield code="a">BD-RjUL</subfield>
    <subfield code="b">eng</subfield>
    <subfield code="c">BD-RjUL</subfield>
    <subfield code="d">DLC</subfield>
    <subfield code="e">DLC</subfield>
  </datafield>
  <datafield tag="041" ind1=" " ind2=" ">
    <subfield code="a">eng</subfield>
  </datafield>
  <datafield tag="082" ind1=" " ind2=" ">
    <subfield code="2">23</subfield>
    <subfield code="a">820.9</subfield>
    <subfield code="b">BRI 1982</subfield>
  </datafield>
  <datafield tag="245" ind1=" " ind2=" ">
    <subfield code="a">British Writers     </subfield>
    <subfield code="c">Editor, Ian Scott-Kilvert</subfield>
  </datafield>
  <datafield tag="260" ind1=" " ind2=" ">
    <subfield code="a">New York</subfield>
    <subfield code="b">Charles scribners sons</subfield>
    <subfield code="c">1982</subfield>
  </datafield>
  <datafield tag="264" ind1=" " ind2=" ">
    <subfield code="a">Edited under the auspices of the British Council</subfield>
  </datafield>
  <datafield tag="300" ind1=" " ind2=" ">
    <subfield code="a">452 Page,</subfield>
    <subfield code="b">illustrations ,</subfield>
    <subfield code="c">24 cm.</subfield>
  </datafield>
  <datafield tag="337" ind1=" " ind2=" ">
    <subfield code="2">British Council</subfield>
    <subfield code="a">isbn-0-684-15798-5(V-1), isbn-0-684-16407-8(V-2), 0-684-16408-6(V-3), 0-684-16635-6(V-4), 0-684-16636-4(V-5), 0-684-16637-2(V-6), 0-684-16638-0(V-7), 0-684-17417-0 (V-8)</subfield>
  </datafield>
  <datafield tag="505" ind1=" " ind2=" ">
    <subfield code="a">Formatted note, V-1, 2, 3, 4, 5, 6, 7, 8, 9,,10,</subfield>
  </datafield>
  <datafield tag="650" ind1=" " ind2=" ">
    <subfield code="a">British Writers </subfield>
    <subfield code="9">16178</subfield>
  </datafield>
  <datafield tag="700" ind1=" " ind2=" ">
    <subfield code="a">Kilvert, Ian Scott, Editor</subfield>
    <subfield code="9">16179</subfield>
  </datafield>
  <datafield tag="942" ind1=" " ind2=" ">
    <subfield code="2">ddc</subfield>
    <subfield code="c">BK</subfield>
  </datafield>
  <datafield tag="999" ind1=" " ind2=" ">
    <subfield code="c">85275</subfield>
    <subfield code="d">85275</subfield>
  </datafield>
  <datafield tag="952" ind1=" " ind2=" ">
    <subfield code="0">0</subfield>
    <subfield code="1">0</subfield>
    <subfield code="2">ddc</subfield>
    <subfield code="4">0</subfield>
    <subfield code="7">1</subfield>
    <subfield code="a">RUCL</subfield>
    <subfield code="b">RUCL</subfield>
    <subfield code="c">REF</subfield>
    <subfield code="d">1995-04-22</subfield>
    <subfield code="e">British Council</subfield>
    <subfield code="l">0</subfield>
    <subfield code="o">R 820.9 BRI 1982 V-5</subfield>
    <subfield code="r">2025-07-22 00:00:00</subfield>
    <subfield code="t">C-1</subfield>
    <subfield code="w">2025-07-22</subfield>
    <subfield code="y">BK</subfield>
  </datafield>
  <datafield tag="952" ind1=" " ind2=" ">
    <subfield code="0">0</subfield>
    <subfield code="1">0</subfield>
    <subfield code="2">ddc</subfield>
    <subfield code="4">0</subfield>
    <subfield code="7">1</subfield>
    <subfield code="a">RUCL</subfield>
    <subfield code="b">RUCL</subfield>
    <subfield code="c">REF</subfield>
    <subfield code="d">1995-04-22</subfield>
    <subfield code="e">British Council</subfield>
    <subfield code="l">0</subfield>
    <subfield code="o">R 820.9 BRI 1982 V-6</subfield>
    <subfield code="r">2025-07-22 00:00:00</subfield>
    <subfield code="t">C-1</subfield>
    <subfield code="w">2025-07-22</subfield>
    <subfield code="y">BK</subfield>
  </datafield>
  <datafield tag="952" ind1=" " ind2=" ">
    <subfield code="0">0</subfield>
    <subfield code="1">0</subfield>
    <subfield code="2">ddc</subfield>
    <subfield code="4">0</subfield>
    <subfield code="7">1</subfield>
    <subfield code="a">RUCL</subfield>
    <subfield code="b">RUCL</subfield>
    <subfield code="c">REF</subfield>
    <subfield code="d">1995-04-22</subfield>
    <subfield code="e">British Council</subfield>
    <subfield code="l">0</subfield>
    <subfield code="o">R 820.9 BRI 1982 V-7</subfield>
    <subfield code="r">2025-07-22 00:00:00</subfield>
    <subfield code="t">C-1</subfield>
    <subfield code="w">2025-07-22</subfield>
    <subfield code="y">BK</subfield>
  </datafield>
  <datafield tag="952" ind1=" " ind2=" ">
    <subfield code="0">0</subfield>
    <subfield code="1">0</subfield>
    <subfield code="2">ddc</subfield>
    <subfield code="4">0</subfield>
    <subfield code="7">1</subfield>
    <subfield code="a">RUCL</subfield>
    <subfield code="b">RUCL</subfield>
    <subfield code="c">REF</subfield>
    <subfield code="d">1995-04-22</subfield>
    <subfield code="e">British Council</subfield>
    <subfield code="l">0</subfield>
    <subfield code="o">R 820.9 BRI 1982 V-4</subfield>
    <subfield code="r">2025-07-22 00:00:00</subfield>
    <subfield code="t">C-1</subfield>
    <subfield code="w">2025-07-22</subfield>
    <subfield code="y">BK</subfield>
  </datafield>
  <datafield tag="952" ind1=" " ind2=" ">
    <subfield code="0">0</subfield>
    <subfield code="1">0</subfield>
    <subfield code="2">ddc</subfield>
    <subfield code="4">0</subfield>
    <subfield code="7">1</subfield>
    <subfield code="a">RUCL</subfield>
    <subfield code="b">RUCL</subfield>
    <subfield code="c">REF</subfield>
    <subfield code="d">1995-04-22</subfield>
    <subfield code="e">British Council</subfield>
    <subfield code="l">0</subfield>
    <subfield code="o">R 820.9 BRI 1982 V-3</subfield>
    <subfield code="r">2025-07-22 00:00:00</subfield>
    <subfield code="t">C-1</subfield>
    <subfield code="w">2025-07-22</subfield>
    <subfield code="y">BK</subfield>
  </datafield>
  <datafield tag="952" ind1=" " ind2=" ">
    <subfield code="0">0</subfield>
    <subfield code="1">0</subfield>
    <subfield code="2">ddc</subfield>
    <subfield code="4">0</subfield>
    <subfield code="7">1</subfield>
    <subfield code="a">RUCL</subfield>
    <subfield code="b">RUCL</subfield>
    <subfield code="c">REF</subfield>
    <subfield code="d">1995-04-22</subfield>
    <subfield code="e">British Council</subfield>
    <subfield code="l">0</subfield>
    <subfield code="o">R 820.9 BRI 1982 V-2</subfield>
    <subfield code="r">2025-07-22 00:00:00</subfield>
    <subfield code="t">C-1</subfield>
    <subfield code="w">2025-07-22</subfield>
    <subfield code="y">BK</subfield>
  </datafield>
  <datafield tag="952" ind1=" " ind2=" ">
    <subfield code="0">0</subfield>
    <subfield code="1">0</subfield>
    <subfield code="2">ddc</subfield>
    <subfield code="4">0</subfield>
    <subfield code="7">1</subfield>
    <subfield code="a">RUCL</subfield>
    <subfield code="b">RUCL</subfield>
    <subfield code="c">REF</subfield>
    <subfield code="d">1995-04-22</subfield>
    <subfield code="e">British Council</subfield>
    <subfield code="l">0</subfield>
    <subfield code="o">R 820.9 BRI 1982 V-1</subfield>
    <subfield code="r">2025-07-22 00:00:00</subfield>
    <subfield code="t">C-1</subfield>
    <subfield code="w">2025-07-22</subfield>
    <subfield code="y">BK</subfield>
  </datafield>
  <datafield tag="952" ind1=" " ind2=" ">
    <subfield code="0">0</subfield>
    <subfield code="1">0</subfield>
    <subfield code="2">ddc</subfield>
    <subfield code="4">0</subfield>
    <subfield code="7">1</subfield>
    <subfield code="a">RUCL</subfield>
    <subfield code="b">RUCL</subfield>
    <subfield code="c">REF</subfield>
    <subfield code="d">1995-04-22</subfield>
    <subfield code="e">British Council</subfield>
    <subfield code="l">0</subfield>
    <subfield code="o">R 820.9 BRI 1982 Suppi-1</subfield>
    <subfield code="r">2025-07-22 00:00:00</subfield>
    <subfield code="t">C-1</subfield>
    <subfield code="w">2025-07-22</subfield>
    <subfield code="y">BK</subfield>
  </datafield>
  <datafield tag="952" ind1=" " ind2=" ">
    <subfield code="0">0</subfield>
    <subfield code="1">0</subfield>
    <subfield code="2">ddc</subfield>
    <subfield code="4">0</subfield>
    <subfield code="7">1</subfield>
    <subfield code="a">RUCL</subfield>
    <subfield code="b">RUCL</subfield>
    <subfield code="c">REF</subfield>
    <subfield code="d">1995-04-22</subfield>
    <subfield code="e">British Council</subfield>
    <subfield code="l">0</subfield>
    <subfield code="o">R 820.9 BRI 1982 V-8</subfield>
    <subfield code="r">2025-07-23 00:00:00</subfield>
    <subfield code="t">C-1</subfield>
    <subfield code="w">2025-07-23</subfield>
    <subfield code="y">BK</subfield>
  </datafield>
</record>
